000
00366nam a2200157Ia 4500
003
LK-CoDNM
008
010623t xxu||||| |||| 00| 1 sin d
040
_a
LK-CoDNM
_d
LK-CoDNM
_e
LK-CoDNM
041
_a
sin
080
_a
294.3 JAY
100
_a
Jayetunga,D.R.
245
_a
දහම් දැනුම
300
_b
80p., 21 cm
650
_a
Buddhism
942
_c
BK
999
_c
138570
_d
138570